Implementácia zelených inovácií diplomová práca

Enregistré dans:
Détails bibliographiques
Auteur principal: Timková, Denisa
Collectivité auteur: Fakulta podnikového manažmentu EU. Katedra podnikovohospodárska
Autres auteurs: Hojdik, Vladimír, 1992-
Format: Livre
Langue:slovaque
Publié: Bratislava 2023
Tags: Ajouter un tag
Pas de tags, Soyez le premier à ajouter un tag!

MARC

LEADER 00000nbm a2200000 4500
001 0293537
005 20240219145508.5
041 0 |a slo 
044 |a SK 
245 1 0 |a Implementácia zelených inovácií  |b diplomová práca  |c Denisa Timková ; školiteľ: Vladimír Hojdik 
264 1 |a Bratislava  |c 2023 
300 |a 67 s. 
100 1 |a Timková, Denisa 
700 1 |a Hojdik, Vladimír, 1992- 
710 2 |a Fakulta podnikového manažmentu EU. Katedra podnikovohospodárska